LEADER 03600nam 2200673 450 001 9910822892803321 005 20200120091834.0 010 $a1-5261-3428-4 010 $a1-5261-1520-4 010 $a1-5261-0035-5 035 $a(CKB)3710000000924495 035 $a(MiAaPQ)EBC4729835 035 $a(StDuBDS)EDZ0001606260 035 $a(UkMaJRU)992980136123601631 035 $a(DE-B1597)658864 035 $a(DE-B1597)9781526100351 035 $a(EXLCZ)993710000000924495 100 $a20200120h20162016 |y| 0 101 0 $aeng 135 $aur||#---||||| 181 $ctxt$2rdacontent 182 $cc$2rdamedia 183 $acr$2rdacarrier 200 00$aAlan Hollinghurst $ewriting under the influence /$fedited by Miche?le Mendelssohn and Denis Flannery 210 1$aManchester, UK :$cManchester University Press,$d2016. 210 4$dİ2016 215 $a1 online resource (x, 211 pages) $cillustrations; digital file(s) 300 $aIncludes index. 311 $a1-5261-0036-3 311 $a0-7190-9717-7 320 $aIncludes bibliographical references and index. 327 $aIntroduction : a dialogue on influence / Miche?le Mendelssohn and Denis Flannery -- Abjuring innocence : Hollinghurst's poetry / Bernard O'Donoghue -- The touch of reading in Hollinghurst's early prose / Angus Brown -- Poetry, parody, porn and prose / Miche?le Mendelssohn -- Race, empire and The Swimming-Pool Library / John McLeod -- The Stranger's Child and The Aspern Papers : queering origin stories and questioning the visitable past / Julie Rivkin -- Ostentatiously discreet : bisexual camp in The Stranger's Child / Joseph Ronan -- Hollow auguries : eccentric genealogies in The Folding star and The Spell / Robert L. Caserio -- Some properties of fiction : value and fantasy in Hollinghurst's house of fiction / Geoff Gilbert -- Cinema in the library / Alan O'Leary -- Using Racine in 1990 ; or, translating theatre in time / Denis Flannery -- 'Who are you? What are you doing here?' : queer debates and contemporary connections / Kaye Mitchell -- What can I say? : secrets in fiction and biography / Hermoine Lee interviews Alan Hollinghurst. 330 8 $aThis cross-generic collection considers the entire breadth of Alan Hollinghurst's Booker Prize-winning writing. Focused through the concept of influence, it addresses critical issues surrounding the work of Britain's most important contemporary novelist. It encompasses provocative and timely subjects ranging from gay visual cultures and representations, to Victorian, modernist and contemporary literature, as well as race and empire, theatre and cinema, eros and economics. 606 $aLiterature$2mup 606 $aLiterature & Literary Studies$2bicssc 606 $aLITERARY CRITICISM / European / English, Irish, Scottish, Welsh$2bisach 606 $aLiterature: history & criticism$2thema 610 $aAlan Hollinghurst. 610 $aContemporary novelist. 610 $aEmpire. 610 $aRace. 610 $abiography. 610 $acinema. 610 $ainfluence. 610 $ainterview. 610 $atheatre. 610 $atranslation. 615 7$aLiterature 615 7$aLiterature & Literary Studies 615 7$aLITERARY CRITICISM / European / English, Irish, Scottish, Welsh 615 7$aLiterature: history & criticism 676 $a823.92 702 $aMendelssohn$b Miche?le 702 $aFlannery$b Denis 801 2$bUkMaJRU 906 $aBOOK 912 $a9910822892803321 996 $aAlan Hollinghurst$93963522 997 $aUNINA LEADER 01110nam 2200361 450 001 9910827200203321 005 20230814224919.0 010 $a1-68108-709-X 035 $a(CKB)4100000007009011 035 $a(MiAaPQ)EBC5553424 035 $a(EXLCZ)994100000007009011 100 $a20181106d2018 uy 0 101 0 $aeng 135 $aurcnu|||||||| 181 $ctxt$2rdacontent 182 $cc$2rdamedia 183 $acr$2rdacarrier 200 00$aEssential techniques for medical and life scientists$hPart 1 $ea guide to contemporary methods and current applications with the protocols /$fedited by Yusuf Tutar 210 1$aSharjah, UAE :$cBentham Science Publishers,$d[2018] 210 4$dİ2018 215 $a1 online resource (137 pages) 311 $a1-68108-710-3 606 $aMedical sciences 615 0$aMedical sciences. 676 $a618 702 $aTutar$b Yusuf 801 0$bMiAaPQ 801 1$bMiAaPQ 801 2$bMiAaPQ 906 $aBOOK 912 $a9910827200203321 996 $aEssential techniques for medical and life scientists$93950105 997 $aUNINA